000 01272cas a2200349 a 4500
001 12283
003 OCoLC
005 20211208235252.0
008 140128s19621950enkb pss 0 1 a0eng d
035 _a(OCoLC)44496944
_a(BD-RjUL)12332
040 _aYRM
_cYRM
_dCOU
_dDLC
_dNSD
_dOCLCQ
_dGUA
_dMUQ
_dOCLCQ
_dF#A
_dOCLCQ
_dBD-RjUL
_beng
041 _aeng
082 _216
_a615.854
_bCLI 1962
245 1 0 _aClinical nutrition
260 _aLondon :
_bHarcourt Publishers.
_c1962.
300 _a1012p. :
_c22cm
500 _aIncludes index.
650 0 _aDiet therapy
_vPeriodicals.
_938135
650 0 _aParenteral feeding
_vPeriodicals.
_938136
650 0 _aEnteral feeding
_vPeriodicals.
_938137
650 0 _aNutrition
_vPeriodicals.
_938138
650 2 _aNutrition.
_938139
650 2 _aEnteral Nutrition.
_938140
650 2 _aParenteral Nutrition.
_938141
690 _aElectronic resources.
_911
710 2 _aEuropean Society of Parenteral and Enteral Nutrition.
_938142
710 2 _aEuropean Society for Clinical Nutrition and Metabolism.
_938143
710 2 _aScienceDirect (Online service)
_929247
776 0 8 _iPrint version:
_tClinical nutrition (Edinburgh, Scotland)
_x0261-5614
_w(DLC)sc 84008249
_w(OCoLC)9599419.
942 _2ddc
_cBK
999 _c12283
_d12283